Cuentos judíos contemporáneos / (Record no. 185900)

MARC details
000 -LEADER
campo de control de longitud fija 00939nam a2200229 i 4500
001 - NÚMERO DE CONTROL
campo de control 185900
003 - IDENTIFICADOR DE NÚMERO DE CONTROL
campo de control ES-MaACL
005 - FECHA Y HORA DE LA ÚLTIMA TRANSACCIÓN
campo de control 20240228172251.0
008 - DATOS DE LONGITUD FIJA--INFORMACIÓN GENERAL
campo de control de longitud fija 160822q1920 sp |||| | spa d
080 ## - NÚMERO DE LA CLASIFICACIÓN DECIMAL UNIVERSAL
Número de la Clasificación Decimal Universal 821(4)-34"18/19"(082.2)
245 00 - MENCIÓN DEL TÍTULO
Título Cuentos judíos contemporáneos /
Mención de responsabilidad, etc. Israel Zangwill, Chalom Asch, Isaac L. Peretz, León Kobrin, David Priski, etc. con un estudio preliminar por R. Cansinos Assens...
260 ## - PUBLICACIÓN, DISTRIBUCIÓN, ETC.
Lugar de publicación, distribución, etc. Madrid :
Nombre del editor, distribuidor, etc. Editorial América,
Fecha de publicación, distribución, etc. [1920?] (
Fabricante A. G. Izquierdo)
300 ## - DESCRIPCIÓN FÍSICA
Extensión 301 p. ;
Dimensiones 17 cm.
490 1# - MENCIÓN DE SERIE
Mención de serie Biblioteca de autores célebres
500 ## - NOTA GENERAL
Nota general En el libro no aparece nada de David Priski y hay un cuento de Teodoro Herzl.
650 ## - PUNTO DE ACCESO ADICIONAL DE MATERIA--TÉRMINO DE MATERIA
Término de materia o nombre geográfico como elemento de entrada Cuentos europeos-
Subdivisión general Autores judíos.
9 (RLIN) 160518
700 1# - ENTRADA AGREGADA--NOMBRE PERSONAL
Nombre de persona Cansinos Asséns, Rafael,
Fechas asociadas al nombre 1882-1964
9 (RLIN) 34616
700 0# - ENTRADA AGREGADA--NOMBRE PERSONAL
Nombre de persona Zangwill, Israel.
9 (RLIN) 117976
830 0# - PUNTO DE ACCESO ADICIONAL DE SERIE-TÍTULO UNIFORME
Título uniforme Biblioteca de autores célebres
9 (RLIN) 184044
852 ## - LOCALIZACIÓN
Ubicación ES-MaACL
Número de control de estantería F-2728
Holdings
Estatus retirado Estado de pérdida Estado de daño No para préstamo Biblioteca de origen Biblioteca actual Ubicación en estantería Fecha de adquisición Fuente de adquisición Total de préstamos Signatura topográfica completa Código de barras Visto por última vez Precio de reemplazo Tipo de ítem Koha
        Biblioteca del Ateneo de Madrid Biblioteca del Ateneo de Madrid Depósito 2 22/08/2016     F-2728 1195975 23/02/2023 23/02/2023 Libro impreso